000 00294nam a22001217a 4500
008 171219b xxu||||| |||| 00| 0 eng d
041 _aeng
080 _a94
100 _a17
101 _aHIS
245 _aALEXANDER GUMBERG& SOVIETJ AMERICAN RELATIONS 1917-1933
_cLIBBEY,J.K
942 _2udc
_cBK
999 _c39191
_d39191